| 000 | 00802pam a2200253 a 4500 | ||
|---|---|---|---|
| 001 | 3906526 | ||
| 005 | 20240220012943.0 | ||
| 008 | 910820s1992 ii ab b 001 0 eng | ||
| 020 | _a8170362571 (India : hb) | ||
| 020 | _a817036258X (India : pb) | ||
| 020 | _a0803994036 (US : hb) | ||
| 020 | _a0803994044 (US : pb) | ||
| 040 |
_aDLC _cDLC _dDLC |
||
| 082 | 0 | 0 |
_a320.954. _220 _bTHE. |
| 100 | 1 | _aPandian, M. S. S. | |
| 245 | 1 | 4 |
_aThe image trap : _bM.G. Ramachandran in film and politics / _cM.S.S. Pandian. |
| 250 | _a1st. | ||
| 260 |
_aNew Delhi ; _aNewbury Park : _bSage, _c1992. |
||
| 300 | _a166 p. : | ||
| 650 | _aPolitics. | ||
| 856 | 4 | 2 | _uhttp://www.loc.gov/catdir/enhancements/fy0657/91030310-d.html |
| 856 | 4 | 1 | _uhttp://www.loc.gov/catdir/enhancements/fy0657/91030310-t.html |
| 942 | _cL | ||
| 999 |
_c432 _d432 |
||